For women only : (Record no. 49991)
| 000 -LEADER | |
|---|---|
| fixed length control field | 00879nam a2200253 4500 |
| 020 ## - INTERNATIONAL STANDARD BOOK NUMBER | |
| International Standard Book Number | 9781601424440 |
| 035 ## - SYSTEM CONTROL NUMBER | |
| System control number | 17519748 |
| 040 ## - CATALOGING SOURCE | |
| Original cataloging agency | DLC |
| Language of cataloging | eng |
| Transcribing agency | DLC |
| Description conventions | rda |
| Modifying agency | DLC |
| 042 ## - AUTHENTICATION CODE | |
| Authentication code | pcc |
| 050 00 - LIBRARY OF CONGRESS CALL NUMBER | |
| Classification number | BT708.5 |
| Item number | .F455 2013 |
| 082 00 - DEWEY DECIMAL CLASSIFICATION NUMBER | |
| Classification number | 248.8/435 |
| Edition number | 23 |
| 100 1# - MAIN ENTRY--PERSONAL NAME | |
| Personal name | Feldhahn, Shaunti, |
| Relator term | author. |
| 9 (RLIN) | 87034 |
| 245 10 - TITLE STATEMENT | |
| Title | For women only : |
| Remainder of title | what you need to know about the inner lives of men / |
| Statement of responsibility, etc | Shaunti Feldhahn. |
| 250 ## - EDITION STATEMENT | |
| Edition statement | Revised and Updated Edition. |
| 260 ## - PUBLICATION, DISTRIBUTION, ETC. (IMPRINT) | |
| Name of publisher, distributor, etc | Multnomah: |
| Date of publication, distribution, etc | March 19, 2013. |
| 300 ## - PHYSICAL DESCRIPTION | |
| Extent | 207 pages ; |
| Dimensions | 5.15 x 0.82 x 7.27 inches. |
| 504 ## - BIBLIOGRAPHY, ETC. NOTE | |
| Bibliography, etc | Includes bibliographical references (pages 209-210). |
| 650 #0 - SUBJECT ADDED ENTRY--TOPICAL TERM | |
| Topical term or geographic name as entry element | Man-woman relationships |
| General subdivision | Religious aspects |
| -- | Christianity. |
| 9 (RLIN) | 37435 |
| 650 #0 - SUBJECT ADDED ENTRY--TOPICAL TERM | |
| Topical term or geographic name as entry element | Man-woman relationships. |
| 650 #0 - SUBJECT ADDED ENTRY--TOPICAL TERM | |
| Topical term or geographic name as entry element | Men |
| General subdivision | Psychology. |
| 9 (RLIN) | 2937 |
| 650 #0 - SUBJECT ADDED ENTRY--TOPICAL TERM | |
| Topical term or geographic name as entry element | Marriage |
| General subdivision | Religious aspects |
| -- | Christianity. |
| 650 #0 - SUBJECT ADDED ENTRY--TOPICAL TERM | |
| Topical term or geographic name as entry element | Marriage. |
| 942 ## - ADDED ENTRY ELEMENTS (KOHA) | |
| Source of classification or shelving scheme | |
| Koha item type | Book |
| Withdrawn status | Lost status | Source of classification or shelving scheme | Damaged status | Not for loan | Home library | Current library | Date acquired | Total Checkouts | Full call number | Barcode | Date last seen | Date checked out | Price effective from | Koha item type |
|---|---|---|---|---|---|---|---|---|---|---|---|---|---|---|
| Logos International School | Logos International School | 12/11/2025 | 1 | 248.8435 FEL | 100127 | 04/03/2026 | 12/12/2025 | 12/11/2025 | Book |